[Event "Hull 4NCL International"]
[Site "Hull"]
[Date "2021.10.24"]
[Round "5.6"]
[White "Britton, Richard"]
[Black "Whitfield, Craig M"]
[Result "1/2-1/2"]
[WhiteElo "2163"]
[BlackElo "2298"]
[PlyCount "0"]
[EventDate "2021.10.22"]

1. e4 {[%clk 01:29:48]} {[%emt 00:01:12]} c5 {[%clk 01:28:40]} {[%emt
00:02:20]} 2. Nf3 {[%clk 01:29:56]} {[%emt 00:00:21]} Nc6 {[%clk 01:29:06]}
{[%emt 00:00:05]} 3. d4 {[%clk 01:28:05]} {[%emt 00:02:21]} cxd4 {[%clk
01:29:31]} {[%emt 00:00:05]} 4. Nxd4 {[%clk 01:28:32]} {[%emt 00:00:03]} Nf6
{[%clk 01:29:57]} {[%emt 00:00:04]} 5. Nc3 {[%clk 01:28:57]} {[%emt 00:00:05]}
e5 {[%clk 01:30:23]} {[%emt 00:00:05]} 6. Ndb5 {[%clk 01:29:21]} {[%emt
00:00:05]} d6 {[%clk 01:30:48]} {[%emt 00:00:05]} 7. Bg5 {[%clk 01:29:34]}
{[%emt 00:00:17]} a6 {[%clk 01:31:12]} {[%emt 00:00:07]} 8. Na3 {[%clk
01:29:59]} {[%emt 00:00:04]} b5 {[%clk 01:31:38]} {[%emt 00:00:04]} 9. Bxf6
{[%clk 01:29:57]} {[%emt 00:00:32]} gxf6 {[%clk 01:32:02]} {[%emt 00:00:07]} 10.
Nd5 {[%clk 01:30:22]} {[%emt 00:00:05]} Bg7 {[%clk 01:32:27]} {[%emt 00:00:05]}
11. g3 {[%clk 01:27:52]} {[%emt 00:02:59]} f5 {[%clk 01:32:35]} {[%emt
00:00:23]} 12. Bg2 {[%clk 01:28:14]} {[%emt 00:00:08]} fxe4 {[%clk 01:32:35]}
{[%emt 00:00:30]} 13. Bxe4 {[%clk 01:26:41]} {[%emt 00:02:03]} Be6 {[%clk
01:32:48]} {[%emt 00:00:18]} 14. O-O {[%clk 01:26:13]} {[%emt 00:00:58]} Rc8
{[%clk 01:27:01]} {[%emt 00:06:17]} 15. c3 {[%clk 01:22:56]} {[%emt 00:03:46]}
O-O {[%clk 01:25:21]} {[%emt 00:02:10]} 16. Nc2 {[%clk 01:21:10]} {[%emt
00:02:16]} f5 {[%clk 01:24:01]} {[%emt 00:01:50]} 17. Bg2 {[%clk 01:20:35]}
{[%emt 00:01:05]} a5 {[%clk 01:17:03]} {[%emt 00:07:29]} 18. Qe2 {[%clk
01:08:44]} {[%emt 00:12:20]} b4 {[%clk 01:00:12]} {[%emt 00:17:21]} 19. cxb4
{[%clk 01:05:26]} {[%emt 00:03:47]} axb4 {[%clk 00:53:11]} {[%emt 00:07:31]} 20.
Ndxb4 {[%clk 00:51:36]} {[%emt 00:14:19]} e4 {[%clk 00:47:32]} {[%emt
00:06:09]} 21. Rfd1 {[%clk 00:43:19]} {[%emt 00:08:47]} Bxb2 {[%clk 00:28:33]}
{[%emt 00:19:30]} 22. Nxc6 {[%clk 00:42:58]} {[%emt 00:00:51]} Rxc6 {[%clk
00:28:58]} {[%emt 00:00:05]} 23. Nb4 {[%clk 00:43:21]} {[%emt 00:00:07]} Bxa1
{[%clk 00:28:30]} {[%emt 00:00:58]} 24. Nxc6 {[%clk 00:43:45]} {[%emt
00:00:06]} Qc7 {[%clk 00:28:23]} {[%emt 00:00:37]} 25. Rxa1 {[%clk 00:43:32]}
{[%emt 00:00:43]} Qxc6 {[%clk 00:28:48]} {[%emt 00:00:05]} 26. Qe3 {[%clk
00:42:39]} {[%emt 00:01:23]} Qb7 {[%clk 00:21:41]} {[%emt 00:07:35]} 27. a4
{[%clk 00:32:28]} {[%emt 00:10:43]} Qg7 {[%clk 00:09:33]} {[%emt 00:12:38]} 28.
Rc1 {[%clk 00:27:40]} {[%emt 00:05:17]} d5 {[%clk 00:05:10]} {[%emt 00:04:54]}
29. Qb6 {[%clk 00:27:21]} {[%emt 00:00:49]} Qe5 {[%clk 00:04:20]} {[%emt
00:01:20]} 30. a5 {[%clk 00:21:41]} {[%emt 00:06:10]} Rb8 {[%clk 00:01:11]}
{[%emt 00:03:39]} 31. Qc5 {[%clk 00:21:22]} {[%emt 00:00:49]} Rc8 {[%clk
00:01:30]} {[%emt 00:00:11]} 32. Qa3 {[%clk 00:20:22]} {[%emt 00:01:30]} d4
{[%clk 00:00:37]} {[%emt 00:01:24]} 33. a6 {[%clk 00:19:17]} {[%emt 00:01:34]}
Rxc1+ {[%clk 00:00:31]} {[%emt 00:00:36]} 34. Qxc1 {[%clk 00:19:41]} {[%emt
00:00:07]} Bd5 {[%clk 00:00:50]} {[%emt 00:00:12]} 35. Qc8+ {[%clk 00:16:39]}
{[%emt 00:03:31]} Kg7 {[%clk 00:01:02]} {[%emt 00:00:18]} 36. a7 {[%clk
00:17:03]} {[%emt 00:00:06]} e3 {[%clk 00:00:34]} {[%emt 00:00:58]} 37. Qd7+
{[%clk 00:17:12]} {[%emt 00:00:20]} Bf7 {[%clk 00:00:40]} {[%emt 00:00:25]} 38.
h4 {[%clk 00:02:30]} {[%emt 00:15:12]} e2 {[%clk 00:00:40]} {[%emt 00:00:30]}
39. a8=Q {[%clk 00:02:50]} {[%emt 00:00:10]} e1=Q+ {[%clk 00:01:06]} {[%emt
00:00:04]} 40. Bf1 {[%clk 00:03:09]} {[%emt 00:00:10]} Q1e4 {[%clk 00:00:48]}
{[%emt 00:00:48]} 41. Qaa7 {[%clk 00:02:32]} {[%emt 00:01:08]} Q5d5 {[%clk
00:00:46]} {[%emt 00:00:32]}  1/2-1/2

[Event "Hull 4NCL International"]
[Site "Hull"]
[Date "2021.10.24"]
[Round "5.7"]
[White "Bradbury, Neil H"]
[Black "Turner, Lewis A"]
[Result "1-0"]
[WhiteElo "2329"]
[BlackElo "1934"]
[PlyCount "0"]
[EventDate "2021.10.22"]

1. d4 {[%clk 01:30:56]} {[%emt 00:00:03]} d5 {[%clk 01:30:56]} {[%emt
00:00:05]} 2. c4 {[%clk 01:31:20]} {[%emt 00:00:06]} c6 {[%clk 01:31:21]}
{[%emt 00:00:04]} 3. Nf3 {[%clk 01:31:30]} {[%emt 00:00:20]} e6 {[%clk
01:31:44]} {[%emt 00:00:07]} 4. g3 {[%clk 01:31:39]} {[%emt 00:00:21]} dxc4
{[%clk 01:31:24]} {[%emt 00:00:51]} 5. Bg2 {[%clk 01:31:38]} {[%emt 00:00:30]}
b5 {[%clk 01:31:42]} {[%emt 00:00:13]} 6. O-O {[%clk 01:30:10]} {[%emt
00:01:58]} Bb7 {[%clk 01:31:35]} {[%emt 00:00:37]} 7. a4 {[%clk 01:28:27]}
{[%emt 00:02:13]} a6 {[%clk 01:31:52]} {[%emt 00:00:13]} 8. b3 {[%clk
01:19:05]} {[%emt 00:09:52]} cxb3 {[%clk 01:31:55]} {[%emt 00:00:28]} 9. Qxb3
{[%clk 01:19:29]} {[%emt 00:00:06]} Nd7 {[%clk 01:30:52]} {[%emt 00:01:33]} 10.
Nc3 {[%clk 01:18:48]} {[%emt 00:01:11]} Be7 {[%clk 01:29:53]} {[%emt 00:01:29]}
11. Ne5 {[%clk 01:17:36]} {[%emt 00:01:42]} Nxe5 {[%clk 01:29:02]} {[%emt
00:01:21]} 12. dxe5 {[%clk 01:17:50]} {[%emt 00:00:15]} Qc7 {[%clk 01:26:43]}
{[%emt 00:02:48]} 13. axb5 {[%clk 01:11:49]} {[%emt 00:06:32]} axb5 {[%clk
01:25:29]} {[%emt 00:01:45]} 14. Nxb5 {[%clk 00:54:03]} {[%emt 00:18:15]} Qxe5
{[%clk 01:23:21]} {[%emt 00:02:38]} 15. Rxa8+ {[%clk 00:48:11]} {[%emt
00:06:23]} Bxa8 {[%clk 01:23:45]} {[%emt 00:00:05]} 16. Qa4 {[%clk 00:47:39]}
{[%emt 00:01:01]} Qb8 {[%clk 01:03:34]} {[%emt 00:20:41]} 17. Qxa8 {[%clk
00:45:50]} {[%emt 00:02:20]}  1-0

[Event "Hull 4NCL International"]
[Site "Hull"]
[Date "2021.10.24"]
[Round "5.8"]
[White "Kilshaw, Joe"]
[Black "Andal, Edmond"]
[Result "0-1"]
[WhiteElo "2050"]
[BlackElo "2230"]
[PlyCount "0"]
[EventDate "2021.10.22"]

1. c4 {[%clk 01:29:19]} {[%emt 00:01:34]} f5 {[%clk 01:26:21]} {[%emt
00:04:44]} 2. Nc3 {[%clk 01:29:13]} {[%emt 00:00:36]} Nf6 {[%clk 01:26:50]}
{[%emt 00:00:01]} 3. g3 {[%clk 01:26:21]} {[%emt 00:03:22]} e6 {[%clk
01:25:22]} {[%emt 00:01:58]} 4. Bg2 {[%clk 01:26:08]} {[%emt 00:00:43]} Bb4
{[%clk 01:25:46]} {[%emt 00:00:07]} 5. Qc2 {[%clk 01:25:24]} {[%emt 00:01:13]}
Nc6 {[%clk 01:25:51]} {[%emt 00:00:25]} 6. Nf3 {[%clk 01:25:14]} {[%emt
00:00:38]} O-O {[%clk 01:25:50]} {[%emt 00:00:33]} 7. O-O {[%clk 01:25:18]}
{[%emt 00:00:25]} Bxc3 {[%clk 01:19:27]} {[%emt 00:06:54]} 8. bxc3 {[%clk
01:21:46]} {[%emt 00:03:59]} d6 {[%clk 01:15:40]} {[%emt 00:04:20]} 9. Rb1
{[%clk 01:15:25]} {[%emt 00:06:51]} Na5 {[%clk 01:05:27]} {[%emt 00:10:43]} 10.
d3 {[%clk 01:11:22]} {[%emt 00:04:32]} h6 {[%clk 01:05:43]} {[%emt 00:00:15]}
11. Nd4 {[%clk 01:01:22]} {[%emt 00:10:28]} c5 {[%clk 00:57:12]} {[%emt
00:09:02]} 12. Nb3 {[%clk 00:59:45]} {[%emt 00:02:07]} Rb8 {[%clk 00:55:57]}
{[%emt 00:01:45]} 13. Nxa5 {[%clk 00:50:59]} {[%emt 00:09:16]} Qxa5 {[%clk
00:56:23]} {[%emt 00:00:04]} 14. d4 {[%clk 00:50:30]} {[%emt 00:00:58]} Qc7
{[%clk 00:52:53]} {[%emt 00:04:00]} 15. Rd1 {[%clk 00:46:06]} {[%emt 00:04:53]}
b6 {[%clk 00:52:06]} {[%emt 00:01:19]} 16. Qd3 {[%clk 00:37:57]} {[%emt
00:08:38]} Ba6 {[%clk 00:39:23]} {[%emt 00:13:14]} 17. d5 {[%clk 00:22:35]}
{[%emt 00:15:52]} e5 {[%clk 00:39:27]} {[%emt 00:00:25]} 18. Qxf5 {[%clk
00:21:46]} {[%emt 00:01:18]} Bxc4 {[%clk 00:39:05]} {[%emt 00:00:52]} 19. e4
{[%clk 00:21:15]} {[%emt 00:01:01]} Be2 {[%clk 00:38:00]} {[%emt 00:01:35]} 20.
Re1 {[%clk 00:19:52]} {[%emt 00:01:54]} Bg4 {[%clk 00:29:59]} {[%emt 00:08:31]}
21. Qg6 {[%clk 00:19:57]} {[%emt 00:00:24]} Bh5 {[%clk 00:30:10]} {[%emt
00:00:20]} 22. Qf5 {[%clk 00:20:11]} {[%emt 00:00:15]} Rbe8 {[%clk 00:25:34]}
{[%emt 00:05:07]} 23. Qh3 {[%clk 00:16:14]} {[%emt 00:04:26]} Bg6 {[%clk
00:21:23]} {[%emt 00:04:43]} 24. c4 {[%clk 00:12:04]} {[%emt 00:04:40]} Qf7
{[%clk 00:21:10]} {[%emt 00:00:43]} 25. Rb2 {[%clk 00:11:39]} {[%emt 00:00:54]}
Qb7 {[%clk 00:20:38]} {[%emt 00:01:01]} 26. f3 {[%clk 00:10:42]} {[%emt
00:01:28]} Qa6 {[%clk 00:19:02]} {[%emt 00:02:06]} 27. Bf1 {[%clk 00:10:10]}
{[%emt 00:01:03]} Qa5 {[%clk 00:19:04]} {[%emt 00:00:29]} 28. Re3 {[%clk
00:07:39]} {[%emt 00:02:59]} Re7 {[%clk 00:18:06]} {[%emt 00:01:30]} 29. Rg2
{[%clk 00:06:59]} {[%emt 00:01:07]} Kh7 {[%clk 00:16:35]} {[%emt 00:02:03]} 30.
g4 {[%clk 00:06:47]} {[%emt 00:00:42]} Ref7 {[%clk 00:16:15]} {[%emt 00:00:51]}
31. g5 {[%clk 00:04:19]} {[%emt 00:02:58]} Nh5 {[%clk 00:15:52]} {[%emt
00:00:52]} 32. Rb3 {[%clk 00:01:36]} {[%emt 00:03:13]} Qe1 {[%clk 00:15:45]}
{[%emt 00:00:36]} 33. Bd2 {[%clk 00:01:50]} {[%emt 00:00:16]} Qd1 {[%clk
00:15:56]} {[%emt 00:00:19]} 34. gxh6 {[%clk 00:02:07]} {[%emt 00:00:14]} Rxf3
{[%clk 00:15:35]} {[%emt 00:00:51]} 35. Rxf3 {[%clk 00:00:52]} {[%emt
00:01:45]} Rxf3 {[%clk 00:15:50]} {[%emt 00:00:14]} 36. Rg3 {[%clk 00:00:41]}
{[%emt 00:00:42]} Nxg3 {[%clk 00:14:45]} {[%emt 00:01:36]} 37. hxg7+ {[%clk
00:01:01]} {[%emt 00:00:09]} Nh5 {[%clk 00:14:08]} {[%emt 00:01:07]} 38. g8=Q+
{[%emt 00:00:48]} Kxg8 {[%clk 00:14:26]} {[%emt 00:00:07]} 39. Qe6+ {[%clk
00:00:57]} {[%emt 00:00:21]} Kh7 {[%emt 00:01:32]}  0-1

[Event "Hull 4NCL International"]
[Site "Hull"]
[Date "2021.10.24"]
[Round "5.9"]
[White "Birtwistle, Nigel"]
[Black "Ciuravin, Andrei"]
[Result "1/2-1/2"]
[WhiteElo "2194"]
[BlackElo "2029"]
[PlyCount "0"]
[EventDate "2021.10.22"]

1. e4 {[%clk 01:30:58]} c5 {[%clk 01:30:53]} {[%emt 00:00:07]} 2. c3 {[%clk
01:31:23]} {[%emt 00:00:05]} Nf6 {[%clk 01:31:14]} {[%emt 00:00:09]} 3. e5
{[%clk 01:31:48]} {[%emt 00:00:06]} Nd5 {[%clk 01:31:42]} {[%emt 00:00:02]} 4.
d4 {[%clk 01:32:09]} {[%emt 00:00:09]} cxd4 {[%clk 01:32:10]} {[%emt 00:00:02]}
5. Nf3 {[%clk 01:32:32]} {[%emt 00:00:07]} e6 {[%clk 01:32:36]} {[%emt
00:00:04]} 6. cxd4 {[%clk 01:32:49]} {[%emt 00:00:13]} Nc6 {[%clk 01:33:02]}
{[%emt 00:00:04]} 7. a3 {[%clk 01:32:55]} {[%emt 00:00:24]} d6 {[%clk
01:33:19]} {[%emt 00:00:13]} 8. Bd3 {[%clk 01:32:36]} {[%emt 00:00:49]} Be7
{[%clk 01:32:56]} {[%emt 00:00:52]} 9. O-O {[%clk 01:32:41]} {[%emt 00:00:26]}
a6 {[%clk 01:31:55]} {[%emt 00:01:31]} 10. Qe2 {[%clk 01:32:16]} {[%emt
00:00:54]} b5 {[%clk 01:27:38]} {[%emt 00:04:47]} 11. Bd2 {[%clk 01:30:42]}
{[%emt 00:02:04]} Bb7 {[%clk 01:27:50]} {[%emt 00:00:19]} 12. Nc3 {[%clk
01:30:24]} {[%emt 00:00:48]} Nxc3 {[%clk 01:27:56]} {[%emt 00:00:24]} 13. Bxc3
{[%clk 01:30:47]} {[%emt 00:00:07]} dxe5 {[%clk 01:27:41]} {[%emt 00:00:45]} 14.
dxe5 {[%clk 01:30:20]} {[%emt 00:00:57]} Qb6 {[%clk 01:27:21]} {[%emt
00:00:50]} 15. b4 {[%clk 01:29:13]} {[%emt 00:01:38]} Rd8 {[%clk 01:27:12]}
{[%emt 00:00:39]} 16. Rfd1 {[%clk 01:27:57]} {[%emt 00:01:45]} O-O {[%clk
01:26:28]} {[%emt 00:01:15]} 17. Qe4 {[%clk 01:26:38]} {[%emt 00:01:49]} g6
{[%clk 01:26:55]} {[%emt 00:00:02]} 18. Qf4 {[%clk 01:25:02]} {[%emt 00:02:07]}
Rd5 {[%clk 01:25:09]} {[%emt 00:02:16]} 19. Be4 {[%clk 01:23:40]} {[%emt
00:01:52]} Rxd1+ {[%clk 01:25:25]} {[%emt 00:00:15]} 20. Rxd1 {[%clk 01:24:00]}
{[%emt 00:00:10]} Rd8 {[%clk 01:25:53]} {[%emt 00:00:02]} 21. Re1 {[%clk
01:23:29]} {[%emt 00:01:01]} Qc7 {[%clk 01:24:34]} {[%emt 00:01:49]} 22. Rc1
{[%clk 01:21:36]} {[%emt 00:02:23]} Qd7 {[%clk 01:23:51]} {[%emt 00:01:13]} 23.
h4 {[%clk 01:20:38]} {[%emt 00:01:29]} Bf8 {[%clk 01:23:51]} {[%emt 00:00:30]}
24. h5 {[%clk 01:19:01]} {[%emt 00:02:06]} Ne7 {[%clk 01:23:29]} {[%emt
00:00:51]} 25. Ng5 {[%clk 01:13:37]} {[%emt 00:05:54]} Nd5 {[%clk 01:23:45]}
{[%emt 00:00:15]} 26. Bxd5 {[%clk 01:12:08]} {[%emt 00:02:00]} Bxd5 {[%clk
01:24:09]} {[%emt 00:00:05]} 27. Rd1 {[%clk 01:08:30]} {[%emt 00:04:08]} Qe7
{[%clk 01:20:38]} {[%emt 00:04:02]} 28. hxg6 {[%clk 01:07:18]} {[%emt
00:01:43]} fxg6 {[%clk 01:20:57]} {[%emt 00:00:11]} 29. Qf6 {[%clk 01:04:37]}
{[%emt 00:03:11]} Re8 {[%clk 01:19:34]} {[%emt 00:01:52]} 30. Rd3 {[%clk
00:57:25]} {[%emt 00:07:42]} Bg7 {[%clk 01:19:16]} {[%emt 00:00:48]} 31. Qf4
{[%clk 00:57:28]} {[%emt 00:00:27]} Bh6 {[%clk 01:19:35]} {[%emt 00:00:11]} 32.
Rg3 {[%clk 00:57:07]} {[%emt 00:00:51]} Rf8 {[%clk 01:18:52]} {[%emt 00:01:13]}
33. Qh4 {[%clk 00:51:24]} {[%emt 00:06:13]} Bxg5 {[%clk 01:19:19]} {[%emt
00:00:03]} 34. Rxg5 {[%clk 00:51:11]} {[%emt 00:00:44]} Qf7 {[%clk 01:19:47]}
{[%emt 00:00:02]} 35. Bd2 {[%clk 00:49:57]} {[%emt 00:01:44]} Qc7 {[%clk
01:18:43]} {[%emt 00:01:33]} 36. Be3 {[%clk 00:48:16]} {[%emt 00:02:11]} Qc2
{[%clk 01:15:42]} {[%emt 00:03:31]} 37. Rg4 {[%clk 00:40:17]} {[%emt 00:08:29]}
Qb1+ {[%clk 01:15:54]} {[%emt 00:00:19]} 38. Kh2 {[%clk 00:40:04]} {[%emt
00:00:43]} Qf5 {[%clk 01:16:20]} {[%emt 00:00:03]} 39. Rg5 {[%clk 00:38:08]}
{[%emt 00:02:26]} Qe4 {[%clk 01:16:39]} {[%emt 00:00:12]} 40. Qg3 {[%clk
00:37:10]} {[%emt 00:01:29]} Rf5 {[%clk 01:14:15]} {[%emt 00:02:53]} 41. Rxf5
{[%clk 00:36:05]} {[%emt 00:01:36]} Qxf5 {[%clk 01:14:39]} {[%emt 00:00:06]} 42.
f3 {[%clk 00:34:19]} {[%emt 00:02:16]} h6 {[%clk 01:06:59]} {[%emt 00:08:10]}
43. Bc5 {[%clk 00:28:40]} {[%emt 00:06:09]} Kf7 {[%clk 01:05:17]} {[%emt
00:02:11]} 44. Bd6 {[%clk 00:27:44]} {[%emt 00:01:26]} Qh5+ {[%clk 01:05:13]}
{[%emt 00:00:34]} 45. Kg1 {[%clk 00:27:27]} {[%emt 00:00:47]} Qg5 {[%clk
01:05:40]} {[%emt 00:00:03]} 46. Qf2 {[%clk 00:25:53]} {[%emt 00:02:04]} Qc1+
{[%clk 01:06:03]} {[%emt 00:00:06]} 47. Kh2 {[%clk 00:25:53]} {[%emt 00:00:31]}
Qf4+ {[%clk 01:06:25]} {[%emt 00:00:08]} 48. Kh1 {[%clk 00:25:26]} {[%emt
00:00:57]} Qc1+ {[%clk 01:06:53]} {[%emt 00:00:03]} 49. Qg1 {[%clk 00:25:26]}
{[%emt 00:00:30]} Qxg1+ {[%clk 01:07:14]} {[%emt 00:00:09]} 50. Kxg1 {[%clk
00:25:51]} {[%emt 00:00:04]}  1/2-1/2

[Event "Hull 4NCL International"]
[Site "Hull"]
[Date "2021.10.24"]
[Round "5.10"]
[White "Johnson, Paul A"]
[Black "Ther, Mate"]
[Result "0-1"]
[WhiteElo "1851"]
[BlackElo "2062"]
[PlyCount "0"]
[EventDate "2021.10.22"]

1. d4 {[%clk 01:30:53]} {[%emt 00:00:05]} Nf6 {[%clk 01:26:04]} {[%emt
00:04:57]} 2. Bf4 {[%clk 01:30:25]} {[%emt 00:00:58]} e6 {[%clk 01:26:26]}
{[%emt 00:00:08]} 3. e3 {[%clk 01:30:38]} {[%emt 00:00:17]} c5 {[%clk
01:26:52]} {[%emt 00:00:05]} 4. c3 {[%clk 01:30:46]} {[%emt 00:00:21]} b6
{[%clk 01:27:17]} {[%emt 00:00:06]} 5. Nf3 {[%clk 01:30:01]} {[%emt 00:01:15]}
Bb7 {[%clk 01:27:42]} {[%emt 00:00:05]} 6. Nbd2 {[%clk 01:29:52]} {[%emt
00:00:38]} cxd4 {[%clk 01:28:03]} {[%emt 00:00:10]} 7. exd4 {[%clk 01:30:06]}
{[%emt 00:00:16]} Be7 {[%clk 01:28:27]} {[%emt 00:00:06]} 8. Bd3 {[%clk
01:30:10]} {[%emt 00:00:25]} d6 {[%clk 01:28:45]} {[%emt 00:00:13]} 9. Qe2
{[%clk 01:28:47]} {[%emt 00:01:52]} O-O {[%clk 01:28:07]} {[%emt 00:01:08]} 10.
h3 {[%clk 01:27:48]} {[%emt 00:01:29]} Re8 {[%clk 01:27:02]} {[%emt 00:01:35]}
11. O-O {[%clk 01:25:45]} {[%emt 00:02:32]} Nbd7 {[%clk 01:26:26]} {[%emt
00:01:06]} 12. Bh2 {[%clk 01:21:42]} {[%emt 00:04:33]} Nf8 {[%clk 01:26:18]}
{[%emt 00:00:37]} 13. Rfe1 {[%clk 01:20:40]} {[%emt 00:01:32]} Ng6 {[%clk
01:26:36]} {[%emt 00:00:13]} 14. Ng5 {[%clk 01:11:26]} {[%emt 00:09:43]} Bf8
{[%clk 01:23:07]} {[%emt 00:03:59]} 15. c4 {[%clk 01:10:01]} {[%emt 00:01:55]}
e5 {[%clk 01:21:29]} {[%emt 00:02:09]} 16. Qe3 {[%clk 01:01:47]} {[%emt
00:08:44]} e4 {[%clk 01:17:36]} {[%emt 00:04:23]} 17. Bc2 {[%clk 01:01:24]}
{[%emt 00:00:53]} d5 {[%clk 01:17:06]} {[%emt 00:01:00]} 18. h4 {[%clk
00:55:22]} {[%emt 00:06:31]} Ng4 {[%clk 01:15:28]} {[%emt 00:02:08]} 19. Qg3
{[%clk 00:50:15]} {[%emt 00:05:37]} Nxh2 {[%clk 01:15:43]} {[%emt 00:00:15]} 20.
Qxh2 {[%clk 00:50:39]} {[%emt 00:00:06]} Bd6 {[%clk 01:15:43]} {[%emt
00:00:31]} 21. g3 {[%clk 00:50:06]} {[%emt 00:01:03]} h6 {[%clk 01:16:03]}
{[%emt 00:00:09]} 22. h5 {[%clk 00:49:54]} {[%emt 00:00:42]} Qxg5 {[%clk
01:15:58]} {[%emt 00:00:36]} 23. hxg6 {[%clk 00:49:14]} {[%emt 00:01:10]} Qxd2
{[%clk 01:15:48]} {[%emt 00:00:40]} 24. gxf7+ {[%clk 00:49:36]} {[%emt
00:00:08]} Kxf7 {[%clk 01:16:02]} {[%emt 00:00:16]} 25. Bb3 {[%clk 00:49:43]}
{[%emt 00:00:23]} Qg5 {[%clk 01:15:26]} {[%emt 00:01:06]} 26. Re2 {[%clk
00:49:09]} {[%emt 00:01:04]} Ba6 {[%clk 01:14:52]} {[%emt 00:01:04]} 27. Rc2
{[%clk 00:48:33]} {[%emt 00:01:06]} dxc4 {[%clk 01:14:48]} {[%emt 00:00:34]} 28.
Bxc4+ {[%clk 00:48:53]} {[%emt 00:00:09]} Bxc4 {[%clk 01:15:13]} {[%emt
00:00:05]} 29. Rxc4 {[%clk 00:49:17]} {[%emt 00:00:06]} e3 {[%clk 01:15:05]}
{[%emt 00:00:38]} 30. Rf1 {[%clk 00:47:10]} {[%emt 00:02:37]} e2 {[%clk
01:15:28]} {[%emt 00:00:08]} 31. Re1 {[%clk 00:47:30]} {[%emt 00:00:09]} Rac8
{[%clk 01:15:17]} {[%emt 00:00:41]} 32. Rxc8 {[%clk 00:47:18]} {[%emt
00:00:42]} Rxc8 {[%clk 01:15:41]} {[%emt 00:00:06]} 33. Rxe2 {[%clk 00:47:28]}
{[%emt 00:00:20]} Qg4 {[%clk 01:13:23]} {[%emt 00:02:48]} 34. Re3 {[%clk
00:43:28]} {[%emt 00:04:30]} Rc2 {[%clk 01:12:36]} {[%emt 00:01:16]} 35. Re1
{[%clk 00:40:13]} {[%emt 00:03:45]} Qf3 {[%clk 01:11:50]} {[%emt 00:01:16]} 36.
Rf1 {[%clk 00:37:19]} {[%emt 00:03:24]} Rd2 {[%clk 01:11:57]} {[%emt 00:00:23]}
37. Qh3 {[%clk 00:37:01]} {[%emt 00:00:48]} Be7 {[%clk 01:11:14]} {[%emt
00:01:13]} 38. Qd7 {[%clk 00:36:23]} {[%emt 00:01:08]} Re2 {[%clk 01:09:17]}
{[%emt 00:02:27]} 39. Qxa7 {[%clk 00:33:46]} {[%emt 00:03:07]} Rxb2 {[%clk
01:07:06]} {[%emt 00:02:41]} 40. Qc7 {[%clk 00:33:13]} {[%emt 00:01:03]} Rd2
{[%clk 01:06:17]} {[%emt 00:01:20]} 41. Qxb6 {[%clk 00:31:27]} {[%emt
00:02:15]} Bf6 {[%clk 01:06:35]} {[%emt 00:00:12]} 42. Qc7+ {[%clk 00:23:21]}
{[%emt 00:08:36]} Kg6 {[%clk 01:06:39]} {[%emt 00:00:26]} 43. Qb6 {[%clk
00:21:23]} {[%emt 00:02:28]} Qf5 {[%clk 01:04:03]} {[%emt 00:03:06]} 44. a4
{[%clk 00:15:14]} {[%emt 00:06:39]} Kh7 {[%clk 01:04:06]} {[%emt 00:00:27]} 45.
Qc5 {[%clk 00:07:49]} {[%emt 00:07:55]} Qd3 {[%clk 01:03:01]} {[%emt 00:01:35]}
46. d5 {[%clk 00:04:34]} {[%emt 00:03:45]} Bd4 {[%clk 01:02:56]} {[%emt
00:00:34]} 47. Qf8 {[%clk 00:04:59]} {[%emt 00:00:05]} Qxg3+ {[%clk 01:03:21]}
{[%emt 00:00:05]} 48. Kh1 {[%clk 00:05:14]} {[%emt 00:00:15]} Qh3+ {[%clk
01:02:56]} {[%emt 00:00:56]} 49. Kg1 {[%clk 00:05:38]} {[%emt 00:00:06]} Be5
{[%clk 01:02:54]} {[%emt 00:00:31]}  0-1

[Event "Hull 4NCL International"]
[Site "Hull"]
[Date "2021.10.24"]
[Round "5.11"]
[White "Lalic, Peter D"]
[Black "Chauhan, Pranay"]
[Result "1/2-1/2"]
[WhiteElo "2268"]
[BlackElo "2018"]
[PlyCount "57"]
[EventDate "2021.10.22"]

1. a3 Nf6 2. b4 d5 3. Bb2 Bf5 4. Nf3 e6 5. Nh4 Bg6 6. g3 Nbd7 7. Bg2 c6 8. O-O
a5 9. bxa5 Qxa5 10. d3 Be7 11. Nd2 O-O 12. Nxg6 hxg6 13. c4 Nc5 14. Bd4 Nfd7
15. Qc2 Rfd8 16. Rfb1 Qa6 17. cxd5 exd5 18. Bh3 Rab8 19. a4 Ne6 20. Bc3 Bf6 21.
Bxf6 gxf6 22. Nf3 c5 23. a5 Qd6 24. Rb5 b6 25. a6 Nc7 26. Rb2 b5 27. a7 Ra8 28.
Nd2 Nb6 29. e4 1/2-1/2

[Event "Hull 4NCL International"]
[Site "Hull"]
[Date "2021.10.24"]
[Round "5.12"]
[White "Agnew, Alan"]
[Black "Verma, Shlok"]
[Result "1/2-1/2"]
[WhiteElo "2185"]
[BlackElo "2005"]
[PlyCount "56"]
[EventDate "2021.10.22"]

1. d4 d5 2. Nf3 Nf6 3. c4 dxc4 4. e3 e6 5. Bxc4 a6 6. a4 b6 7. O-O Bb7 8. Nc3
Be7 9. Qe2 O-O 10. Rd1 Ne4 11. Bd3 Nxc3 12. bxc3 Nd7 13. e4 c5 14. Bf4 Re8 15.
Rab1 h6 16. Rb2 Qc8 17. Ne5 Nxe5 18. Bxe5 Bd8 19. Rdb1 f6 20. Bf4 cxd4 21. cxd4
Qd7 22. Qh5 Re7 23. d5 exd5 24. e5 fxe5 25. Bxe5 Rxe5 26. Qxe5 Bf6 27. Qe3 Bxb2
28. Qxb6 Re8 1/2-1/2

[Event "Hull 4NCL International"]
[Site "Hull"]
[Date "2021.10.24"]
[Round "5.13"]
[White "Milson, Samuel A"]
[Black "Jukes, Sam"]
[Result "1-0"]
[WhiteElo "2138"]
[BlackElo "1973"]
[PlyCount "79"]
[EventDate "2021.10.22"]

1. e4 c5 2. Nf3 Nc6 3. Bb5 g6 4. O-O Bg7 5. c3 e5 6. Re1 Nge7 7. d3 O-O 8. Nbd2
d6 9. Nf1 a6 10. Ba4 b5 11. Bb3 d5 12. Ne3 d4 13. Nd5 Ra7 14. Bg5 Qd6 15. Qd2
Be6 16. c4 f6 17. Bh6 Bxd5 18. Bxg7 Kxg7 19. cxd5 Nd8 20. a4 Rc7 21. Rec1 Nf7
22. axb5 axb5 23. Qe2 Qb6 24. Nd2 Nd6 25. Kh1 Rfc8 26. Rab1 c4 27. Bc2 Qa5 28.
Rf1 cxd3 29. Bxd3 Qb4 30. f4 Nc4 31. Bxc4 bxc4 32. fxe5 fxe5 33. Nf3 Qd6 34.
Ng5 Nxd5 35. exd5 Qxd5 36. Qg4 Re8 37. Qh4 h6 38. Ne4 g5 39. Nxg5 hxg5 40.
Qxg5+ 1-0